000
00424nam a22001457a 4500
020
_a
9788131703823
082
_a
659
100
_a
Frank Jefkins
245
_a
Advertising
250
_a
4th
260
_a
Dorling Kinderseley
_b
Pearson education
_c
2000
300
_a
416p
942
_c
BK
999
_c
3479
_d
3479